Szczegóły MARC21

Molestowanie w pracy /

003 -Nazwa inst., której nr kontr. jest w polu 001 [,]
    • @
    • Nazwa instytucji, której n kontrolny jest w polu 001
    • NUKAT
005 -DATA I CZAS OSTATNIEJ MODYFIKACJI [,]
    • @
    • pole kontrolne
    • 20241231110257.0
020 -Międzynarod. znormalizowany nr książki - ISBN [ , ]
    • a
    • Numer ISBN
    • 8370334792 Find
040 -Instytucja sporządzająca opis [ , ]
    • a
    • Instytucja, która sporządziła opis (NP)
    • KR U/ynk
    • c
    • Instytucja, która sporządziła rekord (NP)
    • KR U/ynk
    • d
    • Instytucja, która zmodyfikowała rekord (P)
    • KR U/MM
    • d
    • Instytucja, która zmodyfikowała rekord (P)
    • WR U/MGLs
    • d
    • Instytucja, która zmodyfikowała rekord (P)
    • WR O/ZWs
    • d
    • Instytucja, która zmodyfikowała rekord (P)
    • WA 732/EP
041 -Język dokumentu [1, ]
    • a
    • Język tekstu (P)
    • polski
    • h
    • Język tekstu oryginalnego i/lub pośredniego (P)
    • francuski
942 -Rodzaj dokumentu [ , ]
    • c
    • Rodzaj dokumentu
    • Książka
100 -Hasło główne - nazwa osobowa [1, ]
    • a
    • Nazwa osobowa (NP)
    • Hirigoyen, Marie-France
    • d
    • Daty biograficzne (NP)
    • (1949- ).
    • 9
    • KHW
    • 455960
245 -Strefa tytułu i oznaczenia odpowiedzialności [1,0]
    • a
    • Tytuł
    • Molestowanie w pracy / Find
    • c
    • Pozostałe elementy strefy tytułu i oznaczenia odpowiedzialności (NP)
    • Marie-France Hirigoyen ; przeł. Maria Żerańska.
246 -Wariant tytułu [1, ]
    • i
    • Tekst wyświetlany na ekranie monitora (NP)
    • Tyt. oryg.:
    • a
    • Tytuł (NP)
    • Malaise dans le travail
260 -Strefa adresu wydawniczego [ , ]
    • a
    • Miejsce wydania (P)
    • Poznań :
    • b
    • Nazwa wydawcy (P)
    • W drodze,
    • c
    • Data wydania (P)
    • 2003.
300 -Strefa opisu fizycznego [ , ]
    • a
    • Określenie formy książki i/lub objętość (NP)
    • 326, [2] s. ;
    • c
    • Format (NP)
    • 21 cm.
336 -Typ zawartości [ , ]
    • a
    • Termin opisujący typ zawartości
    • Tekst
    • b
    • Kod określający zawartość
    • txt
    • 2
    • Źródło (terminu i kodu)
    • rdacontent
337 -Typ mediów [ , ]
    • a
    • Tryb odtwarzania
    • Bez urządzenia pośredniczącego
    • b
    • Kod typu mediów
    • n
    • 2
    • Źródło (terminu i kodu)
    • rdamedia
338 -Typ/rodzaj nośnika [ , ]
    • a
    • Hasło opisujące typ nośnika
    • Wolumin
    • b
    • Kod typu nośnika
    • nc
    • 2
    • Źródło (terminu i kodu)
    • rdacarrier
080 -Uniwersalna Klasyfikacja Dziesiętna [ , ]
    • a
    • Symbol klasyfikacji
    • 331.104
    • 9
    • UKD
    • 3024
    • 2
    • Identyfikator wydania tablic
    • UDC-P058
    • b
    • Dopowiedzenie
    • Stosunek pracy w ogólności. Stosunki międzyludzkie w zakładzie pracy. Human relations.
080 -Uniwersalna Klasyfikacja Dziesiętna [ , ]
    • a
    • Symbol klasyfikacji
    • :316.47
080 -Uniwersalna Klasyfikacja Dziesiętna [ , ]
    • a
    • Symbol klasyfikacji
    • :343.85
080 -Uniwersalna Klasyfikacja Dziesiętna [ , ]
    • a
    • Symbol klasyfikacji
    • :331.101.3
080 -Uniwersalna Klasyfikacja Dziesiętna [ , ]
    • a
    • Symbol klasyfikacji
    • :174
080 -Uniwersalna Klasyfikacja Dziesiętna [ , ]
    • a
    • Symbol klasyfikacji
    • :159.942
650 -Hasło przedmiotowe [ ,7]
    • a
    • Hasło przedmiotowe
    • Konflikt interpersonalny.
    • 2
    • Źródło terminu
    • kaba
    • 9
    • KHW
    • 114998
650 -Hasło przedmiotowe [ ,7]
    • a
    • Hasło przedmiotowe
    • Manipulacja (psychologia).
    • 2
    • Źródło terminu
    • kaba
    • 9
    • KHW
    • 144471
650 -Hasło przedmiotowe [ ,7]
    • a
    • Hasło przedmiotowe
    • Przemoc
    • x
    • Określnik rzeczowy
    • aspekt moralny.
    • 2
    • Źródło terminu
    • kaba
    • 9
    • KHW
    • 368010
650 -Hasło przedmiotowe [ ,7]
    • a
    • Hasło przedmiotowe
    • Przemoc
    • x
    • Określnik rzeczowy
    • aspekt społeczny.
    • 2
    • Źródło terminu
    • kaba
    • 9
    • KHW
    • 358923
650 -Hasło przedmiotowe [ ,7]
    • a
    • Hasło przedmiotowe
    • Mobbing.
    • 2
    • Źródło terminu
    • kaba
    • 9
    • KHW
    • 145740
650 -Hasło przedmiotowe [ ,7]
    • a
    • Hasło przedmiotowe
    • Mobbing
    • x
    • Określnik rzeczowy
    • zapobieganie.
    • 2
    • Źródło terminu
    • kaba
    • 9
    • KHW
    • 391078
650 -Hasło przedmiotowe [ ,7]
    • a
    • Hasło przedmiotowe
    • Stosunki międzyludzkie.
    • 2
    • Źródło terminu
    • kaba
    • 9
    • KHW
    • 131283
980 -Symbol UKD [ , ]
    • a
    • UKD
    • 331.104:316.47:343.85:331.101.3:174:159.942
700 -Hasło dodatkowe - nazwa osobowa [1, ]
    • a
    • Nazwa osobowa (NP)
    • Żerańska, Maria. Find
    • e
    • Określenie rodzaju współpracy
    • Tł.
    • 9
    • KHW
    • 522869
710 -Hasło dodatkowe - nazwa ciała zbiorowego [2, ]
    • a
    • Nazwa ciała zbiorowego lub nazwa geograficzna jako pierwszy element (NP)
    • Wydawnictwo Polskiej Prowincji Dominikanów "W drodze".
    • 4
    • Kod relacji
    • pbl
    • 9
    • KHW
    • 66723
856 -Dostęp do wersji elektronicznej [4,1]
    • 3
    • Wyszczególnienie materiału
    • Spis treści
920 -ISBN [ , ]
    • a
    • ISBN
    • 83-7033-479-2 Find
Lokalizacja Data inwentaryzacji Numer inwentarzowy Status udost. Sygnatura
BG2004-03-16Z.1020921Z.102092
BNS2003-12-18F.312761